Explaining the performance of human resource management / (Record no. 350512)

000 -LEADER
fixed length control field 03083cam a2200409 a 4500
001 - CONTROL NUMBER
control field 7904351
003 - CONTROL NUMBER IDENTIFIER
control field OSt
005 - DATE AND TIME OF LATEST TRANSACTION
control field 20180116183019.0
008 - FIXED-LENGTH DATA ELEMENTS--GENERAL INFORMATION
fixed length control field 100301s2010 enk b 001 0 eng
010 ## - LIBRARY OF CONGRESS CONTROL NUMBER
LC control number 2010008748
020 ## - INTERNATIONAL STANDARD BOOK NUMBER
International Standard Book Number 9780521263382
020 ## - INTERNATIONAL STANDARD BOOK NUMBER
International Standard Book Number 0521875994
024 ## - OTHER STANDARD IDENTIFIER
Standard number or code 40018142563
035 ## - SYSTEM CONTROL NUMBER
System control number (OCoLC)ocn535491224
035 ## - SYSTEM CONTROL NUMBER
System control number (OCoLC)535491224
035 ## - SYSTEM CONTROL NUMBER
System control number (NNC)7904351
040 ## - CATALOGING SOURCE
Original cataloging agency DLC
Transcribing agency DLC
Modifying agency BTCTA
-- UKM
-- YDXCP
-- BWKUK
042 ## - AUTHENTICATION CODE
Authentication code pcc
050 00 - LIBRARY OF CONGRESS CALL NUMBER
Classification number HF5549
Item number .F574 2010
082 00 - DEWEY DECIMAL CLASSIFICATION NUMBER
Classification number 658.3 FLE 2010
Edition number 22
100 1# - MAIN ENTRY--PERSONAL NAME
Personal name Fleetwood, Steve,
Dates associated with a name 1955-
245 10 - TITLE STATEMENT
Title Explaining the performance of human resource management /
Statement of responsibility, etc. Steve Fleetwood, Anthony Hesketh.
260 ## - PUBLICATION, DISTRIBUTION, ETC.
Place of publication, distribution, etc. Cambridge ;
-- New York :
Name of publisher, distributor, etc. Cambridge University Press,
Date of publication, distribution, etc. 2010.
300 ## - PHYSICAL DESCRIPTION
Extent xvii, 342 p. ;
Dimensions 24 cm.
504 ## - BIBLIOGRAPHY, ETC. NOTE
Bibliography, etc. note Includes bibliographical references and index.
505 8# - FORMATTED CONTENTS NOTE
Formatted contents note Machine generated contents note: List of figures; List of tables; Acknowledgements; Preface; Part I. HRM and Organisational Performance Today: 1. Crisis? What crisis?; 2. Tracking the emergence of the human resource management-performance link paradigm; Part II. Meta-Theorising the HRM-P Link: 3. The state of contemporary research on the HRM-performance link: a technical analysis; 4. Scientism: the meta-theory underlying empirical research on the HRM-P link; 5. Prediction, explanation and theory; 6. Critical realism: a meta-theory for analyzing HRM and performance; Part III. Reflexive Performance: 7. Putting critical realism to work; Index.
520 ## - SUMMARY, ETC.
Summary, etc. "Human resource departments increasingly use the statistical analysis of performance indicators as a way of demonstrating their contribution to organisational performance. In this book, Steve Fleetwood and Anthony Hesketh take issue with this 'scientific' approach by arguing that its preoccupation with statistical analysis is misplaced because it fails to take account of the complexities of organisations and the full range of issues that influence individual performance. The book is split into three parts. Part I deconstructs research into the alleged link between people and business performance by showing that it cannot explain the associations it alleges. Part II attributes these shortcomings to the importation of spurious 'scientific' methods, before going on to suggest more appropriate methods that might be used in future. Finally, Part III explores how HR executives and professionals understand their work and shows how a critical realist stance adds value to this understanding through enhanced explanation"--
600 ## - SUBJECT ADDED ENTRY--PERSONAL NAME
Personal name Fleetwood, Steve,
650 #0 - SUBJECT ADDED ENTRY--TOPICAL TERM
Topical term or geographic name entry element Personnel management.
700 1# - ADDED ENTRY--PERSONAL NAME
Personal name Hesketh, Anthony.
856 42 - ELECTRONIC LOCATION AND ACCESS
Materials specified Contributor biographical information
Uniform Resource Identifier <a href="http://www.loc.gov/catdir/enhancements/fy1007/2010008748-b.html">http://www.loc.gov/catdir/enhancements/fy1007/2010008748-b.html</a>
856 42 - ELECTRONIC LOCATION AND ACCESS
Materials specified Publisher description
Uniform Resource Identifier <a href="http://www.loc.gov/catdir/enhancements/fy1007/2010008748-d.html">http://www.loc.gov/catdir/enhancements/fy1007/2010008748-d.html</a>
856 41 - ELECTRONIC LOCATION AND ACCESS
Materials specified Table of contents only
Uniform Resource Identifier <a href="http://www.loc.gov/catdir/enhancements/fy1007/2010008748-t.html">http://www.loc.gov/catdir/enhancements/fy1007/2010008748-t.html</a>
942 ## - ADDED ENTRY ELEMENTS (KOHA)
Source of classification or shelving scheme
Koha item type Book
948 1# - LOCAL PROCESSING INFORMATION (OCLC); SERIES PART DESIGNATOR (RLIN)
Series part designator, SPT (RLIN) 20100812
b (OCLC) c
c (OCLC) vt2130
d (OCLC) MPS
Holdings
Withdrawn status Lost status Source of classification or shelving scheme Damaged status Not for loan Collection code Permanent Location Current Location Shelving location Date acquired Total Checkouts Full call number Barcode Date last seen Price effective from Koha item type
            Central Library (CL) Central Library (CL) General Stacks 11/02/2015   658.3 FLE 2010 NBS9570 12/27/2019 11/02/2015 Book
© 2023 Central Library, National University of Sciences and Technology. All Rights Reserved.